| 000 | 02061cam a2200505 i 4500 | ||
|---|---|---|---|
| 999 |
_c8670 _d8670 |
||
| 001 | 20796441 | ||
| 003 | GBCCL | ||
| 005 | 20241126110655.0 | ||
| 008 | 180510s2019 ii a b 000 0 eng d | ||
| 010 | _a 2018320453 | ||
| 020 |
_a9789351482901 _q(HB) |
||
| 020 | _a9351482901 | ||
| 020 |
_a9789351482918 _q(PB) |
||
| 020 | _a935148291X | ||
| 025 | _aI-E-2018320453 ; 13-91 | ||
| 035 | _a(OCoLC)on1059556218 | ||
| 035 | _a(OCoLC)1059556218 | ||
| 037 | _bLibrary of Congress -- New Delhi Overseas Office | ||
| 040 |
_aDKAGE _beng _erda _cDKAGE _dOCLCO _dOCLCF _dDLC |
||
| 042 |
_alccopycat _alcode |
||
| 050 | 0 | 0 |
_aBS1192.6 _b.C48 2019 |
| 082 | 0 | 4 |
_a223.206 _223 _bCHU |
| 100 | 1 |
_aChuzho, Husazulu, _d1979- _eauthor. _915299 |
|
| 245 | 1 | 0 |
_aKingship in the enthronement psalms : _ba historical literary analysis of the kingship metaphor and its implications for Israel's worship / _cHusazulu Chuzho. |
| 250 | _aIst ed. | ||
| 264 | 1 |
_aNew Delhi : _bChristian World Imprints, _c2019. |
|
| 300 |
_axxii, 278 pages : _billustrations (black and white) ; _c24 cm. |
||
| 336 |
_atext _btxt _2rdacontent |
||
| 337 |
_aunmediated _bn _2rdamedia |
||
| 338 |
_avolume _bnc _2rdacarrier |
||
| 490 | 1 |
_aBiblical hermeneutics rediscovered ; _v17 |
|
| 504 | _aIncludes bibliographical references (pages 259-278). | ||
| 630 | 0 | 0 |
_aBible. _pPsalms _xCriticism, interpretation, etc. _92721 |
| 630 | 0 | 0 |
_aBible. _pPsalms _xLiturgical use. _915300 |
| 630 | 0 | 7 |
_aBible. _pPsalms. _2fast _0(OCoLC)fst01808097 _915301 |
| 650 | 0 |
_aGod _xKingship _xBiblical teaching. _915302 |
|
| 650 | 0 |
_aJudaism _xLiturgy. _915303 |
|
| 650 | 7 |
_aGod _xKingship _xBiblical teaching. _2fast _0(OCoLC)fst00944069 _915302 |
|
| 650 | 7 |
_aJudaism _xLiturgy. _2fast _0(OCoLC)fst00984346 _915303 |
|
| 655 | 7 |
_aCriticism, interpretation, etc. _2fast _0(OCoLC)fst01411635 _91372 |
|
| 830 | 0 |
_aBiblical hermeneutics rediscovered ; _v17. _915304 |
|
| 906 |
_a7 _bcbc _ccopycat _d3 _encip _f20 _gy-gencatlg |
||
| 942 |
_2ddc _cBK _08 |
||